000
00247nam a2200109Ia 4500
008
190914s9999||||xx |||||||||||||| ||und||
100
_a
Qamar Yousuf Zai
245
0
_a
Aap Bpta
260
_a
New York
_b
Fikr-w-Fun
_c
1981
300
_a
216
942
_c
BK
999
_c
9475
_d
9475